000 00872cam a2200205 4500
001 WB3802-28
008 020116n2002 000 0 eng u
035 _a(Sirsi) u116321
245 _aLandowners face scrutiny
260 _c2002
490 _aEstates Gazette
_v(0202) 12 January 2002, 23(1)
520 _aA letter from the Lord Chancellor's Department, on the Land Registration Bill, suggests that landowners may be forced to register all their land for the first time since the Domesday Book in 1086. The Land Registration Bill, now at committee stage, aims to simplify land registry and make it more accessible; at present it only 'encourages' landowners to register their land.
590 _aWB
650 _aLAND REGISTRATION BILL
650 _aHM LAND REGISTRY
650 _aLANDOWNERS
650 _aLAND OWNERSHIP
690 _aPROPERTY
942 _n0
999 _c69291
_d69291